| 000 | 00996nam a2200289 i 4500 | ||
|---|---|---|---|
| 003 | EG-GICUC | ||
| 005 | 20260212123932.0 | ||
| 008 | 260212s1979 fr ||||fq|||| 00| 0 eng d | ||
| 020 | _a9231016083 | ||
| 040 |
_aEG-GiCUC _beng _cEG-GiCUC _dEG-GiCUC _erda |
||
| 041 | 0 | _aeng | |
| 082 | 0 | 4 |
_221 _a341.6 _bTH |
| 092 | 0 | 4 | _221 |
| 099 | _aLaw1 11 341.6 TH 1979 | ||
| 245 | 0 | 0 |
_aThreat of modern warfare to man and his environment : _bAn Annotated Bibliography / _cPrepared under the auspices of the International Peace Research Association (IPRA). |
| 264 | 1 |
_aParis : _bunesco, _c1979. |
|
| 300 |
_a25 pages, _c26 cm |
||
| 336 |
_2rda content _atext |
||
| 337 |
_2rda media _aComputer |
||
| 338 |
_2rda carrier _aOnline Resource |
||
| 546 | _aText in English | ||
| 650 | 1 | 4 | _aPublic international law |
| 710 | 2 | _athe auspices of the International Peace Research Association (IPRA). | |
| 856 | 4 | 0 | _uhttps://fll.law.cu.edu.eg/fulltext/bks/B11-07915.pdf |
| 905 | _a48 | ||
| 942 |
_2ddc _cBK _e21 _n0 |
||
| 999 |
_c62770 _d62770 |
||